|
|
|
|
| LEADER |
01835nam a2200445 i 4500 |
| 001 |
EBC3045978 |
| 003 |
MiAaPQ |
| 005 |
20200520144314.0 |
| 006 |
m o d | |
| 007 |
cr cnu|||||||| |
| 008 |
140723s2007 gw ab ob 001 0 ger|d |
| 020 |
|
|
|z 9783486583410
|
| 020 |
|
|
|a 9783486707441 (e-book)
|
| 035 |
|
|
|a (MiAaPQ)EBC3045978
|
| 035 |
|
|
|a (Au-PeEL)EBL3045978
|
| 035 |
|
|
|a (CaPaEBR)ebr10891327
|
| 035 |
|
|
|a (CaONFJC)MIL610456
|
| 035 |
|
|
|a (OCoLC)922949429
|
| 040 |
|
|
|a MiAaPQ
|b eng
|e rda
|e pn
|c MiAaPQ
|d MiAaPQ
|
| 043 |
|
|
|a e-ur---
|a e-gx---
|
| 050 |
|
4 |
|a D764
|b .H87 2007
|
| 100 |
1 |
|
|a Hurter, Johannes,
|e author.
|
| 245 |
1 |
0 |
|a Hitlers Heerfuhrer :
|b die deutschen Oberbefehlshaber im Krieg gegen die Sowjetunion 1941/42 /
|c Johannes Hurter.
|
| 250 |
|
|
|a 2. Auflage.
|
| 264 |
|
1 |
|a Munchen :
|b Oldenbourg,
|c 2007.
|
| 300 |
|
|
|a 1 online resource (732 pages) :
|b illustrations, maps.
|
| 336 |
|
|
|a text
|2 rdacontent
|
| 337 |
|
|
|a computer
|2 rdamedia
|
| 338 |
|
|
|a online resource
|2 rdacarrier
|
| 490 |
1 |
|
|a Quellen und Darstellungen zur Zeitgeschichte ;
|v Band 66
|
| 504 |
|
|
|a Includes bibliographical references and indexes.
|
| 588 |
|
|
|a Description based on online resource; title from PDF title page (ebrary, viewed July 21, 2014).
|
| 590 |
|
|
|a Electronic reproduction. Ann Arbor, MI : ProQuest, 2015. Available via World Wide Web. Access may be limited to ProQuest affiliated libraries.
|
| 610 |
1 |
0 |
|a Germany.
|b Heer
|x History
|y World War, 1939-1945.
|
| 650 |
|
0 |
|a World War, 1939-1945
|x Campaigns
|z Soviet Union.
|
| 650 |
|
0 |
|a Generals
|z Germany
|x History
|y 20th century.
|
| 655 |
|
4 |
|a Electronic books.
|
| 797 |
2 |
|
|a ProQuest (Firm)
|
| 830 |
|
0 |
|a Quellen und Darstellungen zur Zeitgeschichte ;
|v Bd. 66.
|
| 856 |
4 |
0 |
|u https://ebookcentral.proquest.com/lib/matrademy/detail.action?docID=3045978
|z Click to View
|